Ч. 1; Практический курс китайского языка

Dades bibliogràfiques
Parent link:Практический курс китайского языка: рабочая тетрадь кит. учебника А. Ф. Кондрашевского/ Е. С. Бабушкина; Томский политехнический университет (ТПУ). Ч. 1.— , 2009
Sumari:Рабочая тетрадь (часть I) содержит практический материал по фонетике, лексике, грамматике китайского языка, а также китайской иероглифической письменности. В фонетической части доступно изложена система китайских звуков и тонов. В состав уроков входят тексты, упражнения, сведения по иероглифике, грамматический материал, дополнительная информация. Первая часть рабочей тетради ставит своей целью формирование у студентов коммуникативной компетенции в соответствии с фонетической, лексической и грамматической нормами изучаемого языка и развитие умения использовать языковые нормы во всех видах речевой деятельности в рамках общеупотребительной лексики. Предназначена для студентов, начинающих изучать китайский язык.
Idioma:xinès
Publicat: 2009
Matèries:
Format: MixedMaterials Llibre
KOHA link:https://koha.lib.tpu.ru/cgi-bin/koha/opac-detail.pl?biblionumber=156460

MARC

LEADER 00000nam2a2200000 4500
001 156460
005 20231101221914.0
035 |a (RuTPU)RU\TPU\book\169701 
090 |a 156460 
100 |a 20090326d2009 m y0rusy50 ca 
101 0 |a chi 
102 |a RU 
105 |a a j 000zy 
200 0 |a Ч. 1 
210 |d 2009 
215 |a 90 с. 
330 |a Рабочая тетрадь (часть I) содержит практический материал по фонетике, лексике, грамматике китайского языка, а также китайской иероглифической письменности. В фонетической части доступно изложена система китайских звуков и тонов. В состав уроков входят тексты, упражнения, сведения по иероглифике, грамматический материал, дополнительная информация. Первая часть рабочей тетради ставит своей целью формирование у студентов коммуникативной компетенции в соответствии с фонетической, лексической и грамматической нормами изучаемого языка и развитие умения использовать языковые нормы во всех видах речевой деятельности в рамках общеупотребительной лексики. Предназначена для студентов, начинающих изучать китайский язык. 
452 1 |0 (RuTPU)RU\TPU\book\175344  |t Ч. 1  |d 2009 
461 1 |0 (RuTPU)RU\TPU\book\170193  |t Практический курс китайского языка  |o рабочая тетрадь кит. учебника А. Ф. Кондрашевского  |f Е. С. Бабушкина  |g Томский политехнический университет (ТПУ)  |v Ч. 1  |d 2009 
606 1 |a Китайский язык  |2 stltpush  |3 (RuTPU)RU\TPU\subj\14450  |9 40833 
610 1 |a лексика 
610 1 |a грамматика 
610 1 |a разговорная речь 
610 1 |a упражнения 
610 1 |a учебные пособия 
610 1 |a труды учёных ТПУ 
686 |a Ш171.11-923  |v LBC/SL-A  |2 rubbk 
801 1 |a RU  |b 63413507  |c 20090326  |g PSBO 
801 2 |a RU  |b 63413507  |c 20090611  |g PSBO 
900 |a Китайский язык 
942 |c BK